LIBRARY & INFORMATION CENTRE, KCAET, TAVANUR

ONLINE PUBLIC ACCESS CATALOGUE (OPAC)

Digging up the past / (Record no. 1248)

MARC details
000 -LEADER
fixed length control field 00355cam a2200145ua 4500
041 ## - LANGUAGE CODE
Language code of text/sound track or separate title eng
082 ## - DEWEY DECIMAL CLASSIFICATION NUMBER
Classification number 930
Item number WOO/DI
100 ## - MAIN ENTRY--AUTHOR NAME
Personal name Woolley, Leonard .
245 ## - TITLE STATEMENT
Title Digging up the past /
260 ## - PUBLICATION, DISTRIBUTION, ETC. (IMPRINT)
Place of publication London :
Name of publisher Ernest Benn Ltd ,
Year of publication 1954.
300 ## - PHYSICAL DESCRIPTION
Number of Pages 122 ; .
942 ## - ADDED ENTRY ELEMENTS (KOHA)
Koha item type Books
Holdings
Withdrawn status Lost status Damaged status Home library Current library Date acquired Full call number Accession Number Koha item type
Withdrawn     KAUAET Sanskrit University 07/04/2012 930 3168 Books
free website counter